000 00353nab a22001097u 4500
008 130520b1985 xxu||||| |||| 00| 0 eng d
041 _aeng
100 1 _aSantoni, Ronald E.
_950261
245 0 0 _aSartre on sincerity - a reconsideration
_cRonald E. Santoni
773 0 _tPhilosophy Today
_gV.29, nº2/4,1985,págs. 142-147
_x0031-8256
_wRev325
942 _cAR
999 _c303133
_d303133